[Event "Olympiad-44"]
[Site "Chennai"]
[Date "2022.07.30"]
[Round "2.1"]
[White "Blijstra, Wim"]
[Black "Ebosse, Kingue Victor"]
[Result "0-1"]
[WhiteElo "2198"]
[BlackElo "2054"]
[PlyCount "82"]
[EventDate "2022.07.29"]
[EventType "team-swiss"]
[EventRounds "11"]
[EventCountry "IND"]
[SourceTitle "CBM 210"]
[Source "ChessBase"]
[SourceDate "2022.10.31"]
[SourceVersion "1"]
[SourceVersionDate "2022.10.31"]
[SourceQuality "1"]
[WhiteTeam "Netherlands Antilles"]
[BlackTeam "Cameroon"]
[WhiteTeamCountry "AHO"]
[BlackTeamCountry "CAM"]

1. d4 Nf6 2. c4 g6 3. Nc3 Bg7 4. e4 d6 5. Be2 0-0 6. Bg5 h6 7. Be3 e5 8. d5 c6 9. g4 cxd5 10. cxd5 b5 11. a3 Na6 12. b4 Nc7 13. f3 Bd7 14. Qd2 Kh7 15. h4 Ng8 16. Bd3 a5 17. Rc1 axb4 18. axb4 Qb8 19. Nge2 Bf6 20. g5 Bd8 21. h5 Na6 22. hxg6+ fxg6 23. f4 Nxb4 24. Bb1 Na6 25. Ng3 Kg7 26. gxh6+ Kh7 27. f5 Be8 28. Qf2 Nf6 29. Qf3 Nc5 30. Kf2 Ra3 31. fxg6+ Bxg6 32. Nf5 Rxc3 33. Rxc3 Nfxe4+ 34. Bxe4 Nxe4+ 35. Qxe4 Rxf5+ 36. Qf3 Rxf3+ 37. Kxf3 Qb7 38. Rc6 Qf7+ 39. Ke2 Qxd5 40. Rhc1 Bd3+ 41. Ke1 Bc4 0-1

[Event "Africa-ch Blitz"]
[Site "Casablanca"]
[Date "2019.08.28"]
[Round "4.20"]
[White "Foua, Aroll Junior"]
[Black "Ebosse, Kingue Victor"]
[Result "0-1"]
[WhiteElo "1680"]
[BlackElo "1983"]
[PlyCount "53"]
[EventDate "2019.08.28"]
[EventType "swiss (blitz)"]
[EventRounds "9"]
[EventCountry "MAR"]
[SourceTitle "EXT 2024"]
[Source "ChessBase"]
[SourceDate "2023.10.10"]
[SourceVersion "1"]
[SourceVersionDate "2023.10.10"]
[SourceQuality "1"]

1. e4 c5 2. Nf3 d6 3. d4 cxd4 4. Nxd4 Nf6 5. Nc3 a6 6. Be2 e5 7. Nf3 h6 8. 0-0 Be6 9. h3 Nbd7 10. b3 Rc8 11. Bb2 Be7 12. Bd3 0-0 13. Be2 b5 14. a3 Qa5 15. b4 Qc7 16. Rc1 Nb6 17. Nh2 Rfd8 18. Ng4 d5 19. Nxf6+ Bxf6 20. Qe1 d4 21. Nd5 Nxd5 22. exd5 Bxd5 23. c3 Bg5 24. Rc2 Be4 25. Bd3 Bxd3 26. cxd4 Qxc2 27. Ba1 0-1

[Event "Africa-ch Blitz"]
[Site "Casablanca"]
[Date "2019.08.28"]
[Round "6.18"]
[White "Sang, Ricky"]
[Black "Ebosse, Kingue Victor"]
[Result "1-0"]
[WhiteElo "1825"]
[BlackElo "1983"]
[PlyCount "85"]
[EventDate "2019.08.28"]
[EventType "swiss (blitz)"]
[EventRounds "9"]
[EventCountry "MAR"]
[SourceTitle "EXT 2024"]
[Source "ChessBase"]
[SourceDate "2023.10.10"]
[SourceVersion "1"]
[SourceVersionDate "2023.10.10"]
[SourceQuality "1"]

1. d4 Nf6 2. Bf4 g6 3. Nc3 Bg7 4. e4 d6 5. Qd2 h6 6. 0-0-0 a6 7. Nf3 b5 8. a3 Bg4 9. h3 Bxf3 10. gxf3 Nbd7 11. e5 Nh5 12. exd6 Nxf4 13. dxe7 Qxe7 14. Qxf4 0-0 15. Bd3 Rfe8 16. Nd5 Qd6 17. Qxd6 cxd6 18. Nc7 Rac8 19. Nxe8 Rxe8 20. c3 Bf6 21. Rde1 Rc8 22. Kb1 Kg7 23. h4 h5 24. f4 Nb6 25. f5 Nc4 26. Bxc4 Rxc4 27. fxg6 fxg6 28. Re6 a5 29. Rxd6 b4 30. axb4 axb4 31. Kc2 bxc3 32. bxc3 Rc8 33. Kd3 Rf8 34. Rg1 Rf7 35. c4 g5 36. hxg5 Be7 37. Rd7 Kg6 38. f4 h4 39. c5 h3 40. c6 h2 41. Rh1 Bf8 42. Rxf7 Kxf7 43. c7 1-0

[Event "African-ch rapid"]
[Site "Casablanca"]
[Date "2019.08.26"]
[Round "5"]
[White "Ebosse, Kingue Victor"]
[Black "Gohil, Mehul"]
[Result "1-0"]
[WhiteElo "2055"]
[BlackElo "2076"]
[PlyCount "179"]
[EventDate "2019.08.26"]
[EventType "swiss (rapid)"]
[EventRounds "9"]
[EventCountry "MAR"]
[SourceTitle "EXT 2020"]
[Source "ChessBase"]
[SourceDate "2019.10.17"]
[SourceVersion "1"]
[SourceVersionDate "2019.10.17"]
[SourceQuality "1"]

1. e4 e6 2. d4 d5 3. Nc3 Nf6 4. Bd3 Bb4 5. e5 Ne4 6. Nge2 c5 7. 0-0 cxd4 8. Nxe4 dxe4 9. Bxe4 Bc5 10. Nf4 Nc6 11. Nd3 Be7 12. Qg4 Kf8 13. a3 f5 14. exf6 Bxf6 15. f4 Ne7 16. Ne5 Nf5 17. Bd2 h5 18. Bb4+ Kg8 19. Qh3 Rh6 20. Bxf5 exf5 21. Qb3+ Kh7 22. Nf7 Qb6 23. Nxh6 d3+ 24. Kh1 Be6 25. Qxd3 Kxh6 26. Qd6 Bxb2 27. Qxb6 axb6 28. Rad1 Bc4 29. Rf3 Re8 30. Rd6+ Kh7 31. Kg1 Re2 32. Rf2 Re4 33. g3 Bd4 34. Kg2 Bxf2 35. Kxf2 b5 36. Rd7 Re2+ 37. Kf3 Rxh2 38. Ke3 Rxc2 39. Rxb7 Re2+ 40. Kd4 Rg2 41. a4 Rb2 42. Bc3 Rb3 43. a5 Ra3 44. Bb2 Rxa5 45. Kc5 Ra2 46. Rxg7+ Kh6 47. Be5 Rg2 48. Rg5 Bd3 49. Kd6 Ra2 50. Bg7+ Kh7 51. Bd4 Ra6+ 52. Ke7 Kh6 53. Bg7+ Kh7 54. Be5 Ra7+ 55. Ke6 Ra6+ 56. Bd6 Kh6 57. Ke5 Ra8 58. Kf6 Ra6 59. Rg6+ Kh7 60. Kg5 b4 61. Rh6+ Kg7 62. Be5+ Kf7 63. Rh7+ Ke6 64. Rxh5 Kd5 65. Rh8 Rb6 66. g4 fxg4 67. Kxg4 b3 68. Bb2 Rg6+ 69. Kf3 Be4+ 70. Ke3 Rg3+ 71. Kd2 Rg2+ 72. Kc3 Rg3+ 73. Kb4 Bc2 74. Ka3 Ke4 75. Re8+ Kf5 76. Be5 Rg1 77. Rf8+ Ke6 78. Rf6+ Ke7 79. Rb6 Rg8 80. Kb2 Ra8 81. Kc3 Rc8+ 82. Kd4 Rd8+ 83. Ke3 Kf7 84. Kf3 Rg8 85. f5 Re8 86. Rb7+ Kg8 87. Kf4 Rf8 88. Rg7+ Kh8 89. f6 Re8 90. f7 1-0

[Event "Olympiad-43"]
[Site "Batumi"]
[Date "2018.10.04"]
[Round "10.2"]
[White "Ebosse, Kingue Victor"]
[Black "Garber, Ousainou"]
[Result "1-0"]
[WhiteElo "2060"]
[BlackElo "1701"]
[PlyCount "79"]
[EventDate "2018.09.24"]
[EventType "team-swiss"]
[EventRounds "11"]
[EventCountry "GEO"]
[SourceTitle "CBM 187"]
[Source "ChessBase"]
[SourceDate "2018.12.11"]
[SourceVersion "1"]
[SourceVersionDate "2018.12.11"]
[SourceQuality "1"]
[WhiteTeam "Cameroon"]
[BlackTeam "Gambia"]
[WhiteTeamCountry "CAM"]
[BlackTeamCountry "GAM"]

1. e4 e5 2. Nf3 d6 3. d4 Bg4 4. Be2 exd4 5. Qxd4 Nc6 6. Qa4 Bd7 7. Qb3 Na5 8. Qe3 Be7 9. Qc3 c5 10. Qxg7 Bf6 11. Qg3 Be6 12. Nc3 Ne7 13. Bd2 Nac6 14. Qf4 Ng6 15. Qe3 h6 16. Nd5 Bg7 17. Bc3 f6 18. Nd2 h5 19. f4 Bxd5 20. exd5+ Nce7 21. 0-0 a6 22. Ne4 Kf7 23. Qh3 f5 24. Ng5+ Kg8 25. Bxg7 Kxg7 26. Ne6+ Kf7 27. Nxd8+ Raxd8 28. c4 h4 29. Bd3 Kf6 30. Rae1 Rh5 31. Qf3 Rh6 32. Re6+ Kf7 33. Rfe1 Rh7 34. Qe3 Rd7 35. Rxg6 Nxg6 36. Qe8+ Kg7 37. Qxd7+ Kh6 38. Qxf5 Rg7 39. Qg5+ Kh7 40. f5 1-0

[Event "Accra zt 4.4"]
[Site "Accra"]
[Date "2016.03.31"]
[Round "4"]
[White "Ebosse, Kingue Victor"]
[Black "Kigigha, Bomo"]
[Result "0-1"]
[WhiteElo "2047"]
[BlackElo "2363"]
[PlyCount "162"]
[EventDate "2016.03.29"]
[EventType "swiss"]
[EventRounds "9"]
[EventCountry "GHA"]
[SourceTitle "CBM 171 Extra"]
[Source "ChessBase"]
[SourceDate "2016.04.26"]
[SourceVersion "1"]
[SourceVersionDate "2016.04.26"]
[SourceQuality "1"]

1. e4 c5 2. Nf3 Nc6 3. Bb5 Qb6 4. Nc3 e6 5. 0-0 Nge7 6. d3 g6 7. Bf4 Bg7 8. Nd2 d5 9. exd5 exd5 10. Bxc6+ Qxc6 11. Re1 Be6 12. Nf3 0-0 13. Ne5 Qb6 14. Rb1 Rfe8 15. a3 Nf5 16. Qd2 g5 17. Bg3 Nxg3 18. hxg3 d4 19. Nd1 Ba2 20. Ra1 Bd5 21. f4 gxf4 22. gxf4 Qh6 23. Nf2 Rxe5 24. Rxe5 Bxe5 25. Ng4 Qxf4 26. Qxf4 Bxf4 27. Nf6+ Kf8 28. Nxd5 Bg5 29. Rf1 Rd8 30. Nf6 Bxf6 31. Rxf6 Re8 32. Kf2 Re6 33. Rf5 b6 34. Rh5 h6 35. g4 Rf6+ 36. Ke2 Kg7 37. g5 Re6+ 38. Kf3 hxg5 39. Rxg5+ Kf8 40. Rh5 Rf6+ 41. Ke2 Rg6 42. Kf2 a6 43. Rh8+ Ke7 44. a4 Rf6+ 45. Ke2 Kd7 46. Ra8 Kc7 47. Ra7+ Kc6 48. b3 Rf5 49. Ke1 Re5+ 50. Kf2 f6 51. Kf1 Rh5 52. Kg2 Rd5 53. Kf3 Rf5+ 54. Kg2 Rf4 55. Kg1 Rf3 56. Kg2 Rf5 57. Kg1 Rd5 58. Rf7 Rd6 59. Kf2 b5 60. axb5+ axb5 61. Ke2 Re6+ 62. Kf2 Kb6 63. Kf1 Ka5 64. Rc7 Kb4 65. Kf2 Re5 66. Rb7 Kc3 67. Rxb5 Kxc2 68. b4 cxb4 69. Rxb4 Kxd3 70. Rb6 Kd2 71. Rxf6 d3 72. Ra6 Rf5+ 73. Kg3 Kc2 74. Rc6+ Kd1 75. Kg4 Rf8 76. Kg3 d2 77. Kg2 Rf5 78. Rc7 Ke2 79. Re7+ Kd3 80. Rd7+ Ke3 81. Kg3 Rf1 0-1